مكتبة جامعة عجلون الوطنية

فهرس بحث المكتبة

Normal view MARC view
  • منسق المحور محمد العجلوني ؛ المشرف على السلسلة أنور البطيخي

Entry Personal Name

Number of records used in: 1

001 - CONTROL NUMBER

  • control field: 45184

003 - CONTROL NUMBER IDENTIFIER

  • control field: JO-AjAnu

005 - DATE AND TIME OF LATEST TRANSACTION

  • control field: 20230606081457.0

008 - FIXED-LENGTH DATA ELEMENTS

  • fixed length control field: 230606|| aca||aabn | a|a d

040 ## - CATALOGING SOURCE

  • Original cataloging agency: JO-AjAnu
  • Transcribing agency: JO-AjAnu

100 ## - HEADING--PERSONAL NAME

  • Personal name: منسق المحور محمد العجلوني ؛ المشرف على السلسلة أنور البطيخي

670 ## - SOURCE DATA FOUND

  • Source citation: Work cat.: (JO-AjAnu)23135: منسق المحور محمد العجلوني ؛ المشرف على السلسلة أنور البطيخي , author, الفقر والبطالة واحتياجات سوق العمل : وقائع المؤتمر الرابع للبحث العلمي في الأردن 7/11/2009 : الأوراق العلمية المحكمة